000 00757nam a2200241Ia 4500
003 OSt
005 20220918183927.0
006 a|||||r|||| 00| 0
007 ta
008 220917b |||||||| |||| 00| 0 eng d
024 _a42,462
037 _cTextual
040 _aARTS
_cARTS
_beng
041 _2eng
_aeng
082 _aO1518,1DPU,1:g, 111K9
100 _aShriyan Ratna Nagesha
_963933
245 0 _aCritical study of Mahapurana of Puspadanta
260 _aAhmedabad
_bLalbhai Dalpatbhai India
_c1969
490 _aLalbhai Dalpathhai series ed by Dalsukh Malvania and Ambalal P Shah; 26
650 _aENGLISH LITERATURE
942 _hO1518,1DPU,1:g, 111K9
_cTEXL
_2CC
999 _c174325
_d174325